Eminem songs by Synonyms - Statistics

General Stats
  • This quiz has been taken 109 times
  • The average score is 5 of 10
Answer Stats
Answer % Correct
Lacking My Presence Without Me
79%
Sanitizing My Wardrobe Cleaning Out My Closet
74%
How I Be The Way I Am
71%
The United States Reflecting All Shades Of Light White America
60%
Simply Go Crazy Just Lose It
56%
Toxin Venom
39%
Narcotic Chant Drug Ballad
33%
Idol Role Model
23%
Mimus Polyglottos Mockingbird
22%
Yet I Will Not Hand Out Fornication Still Don't Give A Fuck
12%
No matching quizzes found
Score Distribution
Percent of People with Each Score
Percentile by Number Answered
Your Score History
You have not taken this quiz